[Event "GER-ch U17"]
[Site "Pinneberg"]
[Date "1996.??.??"]
[Round "7"]
[White "Roeber, Bjoern"]
[Black "Pflug, Matthias"]
[Result "1-0"]
[WhiteElo "2245"]
[BlackElo "2150"]

1.d4 f5 2.c4 g6 3.Nf3 Nf6 4.g3 Bg7 5.Bg2 O-O 6.O-O d6 7.Nc3 Nc6 8.d5 Ne5
9.Nxe5 dxe5 10.e4 f4 11.b4 g5 12.Qb3 g4 13.Rd1 f3 14.Bf1 Kh8 15.c5 h5 16.Be3 h4
17.Bd3 Nh5 18.Qc4 a6 19.Kf1 Nf4 20.gxf4 exf4 21.Bc1 g3 22.Ke1 Bd7 23.a4 Bb5
24.axb5 axb5 25.Rxa8 bxc4 26.Rxd8 Bxc3+ 27.Bd2 Bxd2+ 28.Kxd2 Rxd8 29.hxg3 fxg3
30.fxg3 cxd3 31.gxh4 e6 32.Kxd3 exd5 33.Ke3 c6 34.exd5 cxd5 35.Kxf3 Kg7 36.Ke3 Re8+
37.Kd4 Re4+ 38.Kxd5 Rxb4 39.Rd4 Rb5 40.Kd6 Kf7 41.Rf4+ Kg6 42.Re4 Kh5 43.Re6 Kxh4
44.Kd5 Kg5 45.Rb6 Ra5 46.Rxb7 Kf6 47.Kd6 Ra1 48.c6 Rd1+ 49.Kc7 Rc1 50.Kd7 Re1
51.c7 Rd1+ 52.Ke8 Re1+ 53.Kd7 Rd1+ 54.Kc6 Rc1+ 55.Kb6 Ke6 56.Rb8  1-0

[Event "GER-ch U17"]
[Site "Pinneberg"]
[Date "1996.??.??"]
[Round "9"]
[White "Gustafsson, Jan"]
[Black "Pflug, Matthias"]
[Result "1/2-1/2"]
[WhiteElo "2340"]
[BlackElo "2150"]

1.d4 f5 2.g3 g6 3.Bg2 Nf6 4.Nf3 Bg7 5.O-O O-O 6.c4 d6 7.Nc3 Nc6 8.d5 Ne5
9.Nxe5 dxe5 10.c5 e4 11.Qb3 Kh8 12.Rd1 e6 13.d6 c6 14.f3 exf3 15.exf3 Nd5
16.Nxd5 exd5 17.Be3 b6 18.Rac1 bxc5 19.Bxc5 Rf7 20.Re1 Bf6 21.Qc2 Bd7 22.Qd2 Rf8
23.Re7 Kg8 24.Qh6 Rf7 25.Rxf7 Kxf7 26.Re1 Qh8 27.Qd2 Re8 28.Rxe8 Qxe8 29.f4 Bg7
30.Bxa7 Qa8 31.Qe3 Bf8 32.a3 Bxd6 33.b4 Qe8 34.Qxe8+ Kxe8 35.Kf2 Bc8 36.Bf1 Kd7
37.Ke3 Be7 38.Bd4 Kc7 39.Bd3 Bf8 40.Kd2 Be7 41.Kc3  1/2-1/2

[Event "POL-chTJ"]
[Site "Poland"]
[Date "1996.??.??"]
[Round "?"]
[White "Ciszak, Daniel"]
[Black "Jurkiewicz, Miroslaw"]
[Result "1-0"]
[WhiteElo "2090"]
[BlackElo "2115"]

1.c4 f5 2.g3 Nf6 3.d4 g6 4.Bg2 Bg7 5.Nf3 O-O 6.O-O d6 7.Nc3 Qe8 8.d5 Na6
9.Be3 c5 10.dxc6 bxc6 11.c5 Ng4 12.cxd6 Nxe3 13.fxe3 exd6 14.Qxd6 Qxe3+ 15.Kh1 Qc5
16.Qd2 Qb6 17.Rad1 Rb8 18.Na4 Qc7 19.b3 Re8 20.Rfe1 Nb4 21.e3 Bf6 22.Rc1 f4
23.gxf4 Bf5 24.Nd4 Be4 25.Bxe4 Rxe4 26.Nc5 Ree8 27.a3 Nd5 28.Na6 Qg7 29.Nxb8 Bxd4
30.Qxd4 Qxd4 31.exd4 Rxb8 32.b4 Nxf4 33.Rxc6 Rd8 34.Rc7 a6 35.Ree7  1-0

[Event "POL-chTJ"]
[Site "Poland"]
[Date "1996.??.??"]
[Round "?"]
[White "Bialy, Rafal"]
[Black "Hnydiuk, Aleksander"]
[Result "1/2-1/2"]
[WhiteElo "2155"]
[BlackElo "2295"]

1.d4 f5 2.g3 Nf6 3.Bg2 g6 4.Nf3 Bg7 5.O-O O-O 6.c4 d6 7.Nc3 c6 8.Re1 Na6
9.a3 Qe8 10.b4 Qf7 11.Qd3 h6 12.Rb1 Nc7 13.b5 Ne4 14.bxc6 bxc6 15.Nd2 Ba6
16.Ncxe4 fxe4 17.Qe3 d5 18.Rf1 dxc4 19.Nxe4 Nd5 20.Qd2 c3 21.Rd1 Rab8 22.Rxb8 Rxb8
23.Nc5 Bc8 24.e4 Nf6 25.Qd3 Nd7 26.Nxd7 Bxd7 27.Qxc3 Qb3 28.Qc5 Be6 29.Be3 Bf7
30.Qxa7 Rb7 31.Qc5 Qc4 32.Qxc4 Bxc4 33.Rc1 Bb5 34.Bf1 Kf7 35.Rb1 Rd7 36.Bxb5 cxb5
37.Rxb5 Bxd4 38.Bxd4 Rxd4 39.Rb4 Rd1+ 40.Kg2 Ra1 41.Ra4 g5 42.Ra6 e6 43.h3 Ra2
44.Kf3 Kf6 45.h4 gxh4 46.gxh4 Kf7 47.Kg3 Ra1 48.a4 Ra2 49.f3 Kf6 50.f4 Kf7
51.a5 h5 52.Ra8 Ra3+ 53.Kf2 Kg7 54.a6 Kh7 55.a7 Kg7 56.f5 exf5 57.exf5 Ra6
58.Ke3 Ra3+ 59.Kf4 Kf7 60.Rh8 Kf6  1/2-1/2

[Event "POR-CHN m"]
[Site "?"]
[Date "1996.??.??"]
[Round "2"]
[White "Antunes, Antonio"]
[Black "Zhang Zhong"]
[Result "1-0"]
[WhiteElo "2545"]
[BlackElo "2430"]

1.Nf3 f5 2.d4 Nf6 3.g3 g6 4.Bg2 Bg7 5.c4 O-O 6.O-O d6 7.Nc3 Qe8 8.d5 Na6
9.Rb1 c5 10.dxc6 bxc6 11.b4 Bd7 12.a3 Nc7 13.Bb2 Ne6 14.c5 Ne4 15.Qb3 d5
16.Nxe4 fxe4 17.Ne5 Bc8 18.f3 exf3 19.exf3 a5 20.f4 axb4 21.axb4 Nc7 22.Rfe1 Bf6
23.Nf3 Qd7 24.Ne5 Qe8 25.Rbd1 Rb8 26.Nf3 Qd7 27.Be5 Ba6 28.Nd4 Bc4 29.Qc3 Nb5
30.Nxb5 Bxb5 31.Ra1 Rbd8 32.Qd4 Rf7 33.h4 Qf5 34.Ra7 Rd7 35.Ra8+ Kg7 36.Kh2 Qc2
37.g4 Be2 38.g5 Bf3 39.Rg1 Rb7 40.Qe3 Be4 41.gxf6+ exf6 42.Bc3 Rbe7 43.Qd2 Qb3
44.Re1 Bxg2 45.Bxf6+  1-0

[Event "Randers"]
[Site "Randers"]
[Date "1996.??.??"]
[Round "1"]
[White "Rasmussen, Peter"]
[Black "Poley, Vladimir"]
[Result "0-1"]
[WhiteElo "2285"]
[BlackElo "2410"]

1.d4 g6 2.g3 Bg7 3.Bg2 f5 4.Nf3 Nf6 5.O-O O-O 6.c4 d6 7.Nc3 Nc6 8.d5 Ne5
9.Nxe5 dxe5 10.b3 a5 11.Bb2 Ra6 12.Rc1 g5 13.Qd2 f4 14.Na4 Ng4 15.h3 Nh6
16.g4 Nf7 17.Nc5 Rh6 18.Rfd1 Qd6 19.Ne4 Qg6 20.Qxa5 Rh4 21.Qxc7 h5 22.f3 hxg4
23.hxg4 Bxg4 24.fxg4 Rxg4 25.Nf2 Rg3 26.Rc3 Rxc3 27.Bxc3 Qc2 28.Ba1 Qxe2
29.Qa5 Qh5 30.Qc3 g4 31.Bf1 Ng5 32.Re1 f3 33.Re4 g3  0-1

[Event "SVK-ch Boys U18"]
[Site "Ruzomberok"]
[Date "1996.??.??"]
[Round "3"]
[White "Hrivnak, Martin"]
[Black "Komora, Andrej"]
[Result "1/2-1/2"]
[WhiteElo "2190"]
[BlackElo "2145"]

1.Nf3 f5 2.g3 Nf6 3.Bg2 g6 4.O-O Bg7 5.d4 O-O 6.c4 d6 7.Nc3 Qe8 8.d5 a5 9.Rb1 Na6
10.a3 e5 11.dxe6 Nc5 12.Nd4 Nxe6 13.Nxe6 Qxe6 14.Nd5 Qf7 15.Nxf6+ Bxf6 16.b4 axb4
17.axb4 Be6 18.Bxb7 Rab8 19.Bd5 Bxd5 20.Qxd5 Qxd5 21.cxd5 Rb5 22.Rd1 Rfb8
23.Ba3 Kf7 24.Rbc1 R8b7 25.Rc4 Ke7 26.h3 Kd7 27.g4 fxg4 28.hxg4 Rb8 29.Rdc1 R5b7
30.Rf4 Rf8 31.g5 Be7 32.Rxf8 Bxf8 33.Rc3 h6 34.Rg3 hxg5 35.Rxg5 Ra7 36.Rg3 c6
37.dxc6+ Kxc6 38.Kg2 Kb5 39.Rd3 Kc4 40.b5 Kxb5 41.Bxd6 Bh6 42.Bg3 Re7 43.Kf1 Re6
44.f3 Kc4 45.Rd1 Be3 46.Kg2 Bd4 47.e4 Ra6 48.Bf2 Be5 49.Rd5 Bf4 50.Bg3 Be3
51.Rd6 Rxd6 52.Bxd6 Kb5 53.Kg3 Kc6 54.Bf4 Bc5 55.Kg4 Be7 56.Bg5 Bf8 57.Bf6 Bh6
58.Bg5 Bf8 59.Bc1 Be7 60.Kf4 Kd7 61.Ke5 Bh4 62.Ba3 Bg5 63.Kd5 Bf4 64.e5 Bg3
65.Bd6 Bh4 66.e6+ Ke8 67.Ke4 Bf6 68.Kf4 Bh4 69.Kg4 Bf6 70.f4 Kd8 71.Bc5 Ke8
72.Ba3 Kd8 73.Bb4 Ke8 74.Ba3 Kd8 75.Bd6 Ke8 76.Kf3 Kd8 77.Ke4 Ke8 78.Kd5 Bc3
79.Be5 Bd2 80.Bd6 Bc3 81.Be5  1/2-1/2

[Event "Werther Schloa op"]
[Site "Schloa"]
[Date "1996.??.??"]
[Round "3"]
[White "Krallmann, Matthias"]
[Black "Fischer, Thomas"]
[Result "1-0"]
[WhiteElo "2240"]
[BlackElo "2255"]

1.d4 f5 2.g3 Nf6 3.Bg2 g6 4.Nf3 Bg7 5.O-O O-O 6.c4 d6 7.Nc3 Nc6 8.d5 Na5
9.Nd2 c5 10.Qc2 a6 11.b3 Rb8 12.Bb2 b5 13.Rab1 Qc7 14.Ba1 e5 15.dxe6 Bxe6
16.Nd5 Nxd5 17.cxd5 Bf7 18.Bxg7 Kxg7 19.e4 Be8 20.exf5 gxf5 21.Rfe1 Bg6 22.Re6 Rbe8
23.Rbe1 Rxe6 24.Rxe6 Nb7 25.Qc3+ Kg8 26.Qe3 Nd8 27.Re7 Qa5 28.h4 Nf7 29.Bf3 Ne5
30.Be2 Qd8 31.Ra7 Re8 32.Rxa6 Nc4 33.Qf4 Nxd2 34.Qxd2 f4 35.Bxb5 Re4 36.Kg2 Qe7
37.Ra8+ Kg7 38.Qa5 Re1 39.Ra7 f3+ 40.Kh2 Qxa7 41.Qxa7+ Kh6  1-0

[Event "SLO-chT sf"]
[Site "SLO"]
[Date "1996.??.??"]
[Round "5"]
[White "Kosir, Franci"]
[Black "Ivanusa, Bogumir"]
[Result "0-1"]
[WhiteElo "1960"]
[BlackElo "2065"]

1.Nf3 f5 2.g3 Nf6 3.Bg2 g6 4.d4 Bg7 5.O-O O-O 6.c4 d6 7.Nc3 Nc6 8.d5 Ne5
9.Nxe5 dxe5 10.e4 e6 11.Qb3 exd5 12.cxd5 Kh8 13.Re1 fxe4 14.Bg5 h6 15.Bxf6 Rxf6
16.Nxe4 Rb6 17.Qc3 Bf5 18.Rad1 Rc8 19.a3 Qe8 20.Rd2 Bxe4 21.Bxe4 h5 22.h4 Rd6
23.Rc2 Qf7 24.Qc5 Bf8 25.Qe3 b6 26.Kg2 Rf6 27.b4 Bd6 28.Ree2 Ra8 29.Qg5 a5
30.Rc6 axb4 31.axb4 Rf8 32.Qd2 Kg7 33.Rc2 Ra8 34.Qc3 Ra4 35.Rb2 Qe7 36.Rec2 Kh7
37.f3 Rf8 38.Qd3 Qf6 39.Qb5 Ra3 40.Qe2 Kg7 41.Rc6 Rfa8 42.Qd2 Rf8 43.Rc3 Rxc3
44.Qxc3 g5 45.hxg5 Qxg5 46.Kf2 Kf7 47.Rb1 Ra8 48.Qb2 Ra4 49.Qc2 Ra3 50.Qc1 Ra2+
51.Bc2 Qxc1 52.Rxc1 Bxb4 53.Ke3 Kf6 54.Kd3 Ra3+ 55.Ke2 Rc3 56.Kd1 Rxf3 57.Be4 Rf1+
58.Kc2 Rxc1+ 59.Kxc1 Be1 60.Bf3 Kg5  0-1

[Event "Petrov mem"]
[Site "St Petersburg"]
[Date "1996.??.??"]
[Round "1"]
[White "Terekhov, Andrey"]
[Black "Vasiukov, Evgeni"]
[Result "1-0"]
[WhiteElo "2315"]
[BlackElo "2505"]

1.d4 f5 2.Nf3 Nf6 3.c4 g6 4.g3 Bg7 5.Bg2 O-O 6.O-O d6 7.d5 Na6 8.Nc3 Qe8
9.Rb1 Nc5 10.Nd4 a5 11.Nb3 Nfe4 12.Nb5 Nxb3 13.axb3 Qd8 14.Nd4 Bd7 15.Be3 c6
16.Bxe4 fxe4 17.Qc2 Bxd4 18.Bxd4 Bf5 19.Be3 h5 20.h4 Kh7 21.Ra1 c5 22.Qc3 Bg4
23.Bd2 Rf7 24.Qe3 Bf5 25.f3 exf3 26.Rxf3 Kg8 27.Raf1 Kh7 28.Qg5 Qf8 29.e4 Be6
30.dxe6 Rxf3 31.Rxf3 Qxf3 32.Qh6+ Kg8 33.Qxg6+  1-0

[Event "Jacques Lemans op16"]
[Site "St Veit"]
[Date "1996.??.??"]
[Round "3"]
[White "Benda, Herbert"]
[Black "Boehm, Thomas"]
[Result "1-0"]
[WhiteElo "2200"]
[BlackElo "1952"]

1.d4 f5 2.g3 g6 3.Bg2 Bg7 4.Nf3 Nf6 5.O-O O-O 6.c4 d6 7.Nc3 c6 8.Rb1 Qe8
9.b4 Ne4 10.Qb3 Nxc3 11.Qxc3 Nd7 12.Qb3 e5 13.dxe5 dxe5 14.Bb2 h6 15.e4 f4
16.c5+ Kh7 17.Rbd1 g5 18.Rfe1 Bf6 19.gxf4 gxf4 20.Rd6 Rg8 21.Kh1 a5 22.a3 axb4
23.axb4 Rg7 24.Red1 Rb8 25.Qa2 b6 26.cxb6 Rxb6 27.Bc3 Qg6 28.Rg1 Qg4 29.Qe6 Qh5
30.Rxd7 Bxd7 31.Qxf6 Bg4 32.Qxe5 Qf7 33.Qxg7+ Qxg7 34.Bxg7 Kxg7 35.Bh3  1-0

[Event "SVK-chT9596"]
[Site "?"]
[Date "1996.??.??"]
[Round "11"]
[White "Debnar, Lubos"]
[Black "Lanc, Alois"]
[Result "0-1"]
[WhiteElo "2265"]
[BlackElo "2415"]

1.d4 f5 2.Nf3 Nf6 3.c4 g6 4.g3 Bg7 5.Bg2 O-O 6.O-O d6 7.Nc3 Nc6 8.d5 Ne5
9.Nxe5 dxe5 10.e4 Nd7 11.exf5 gxf5 12.f4 e4 13.Be3 c5 14.g4 Bxc3 15.bxc3 Qa5
16.d6 exd6 17.Qxd6 Qxc3 18.Qd5+ Rf7 19.Rfe1 Nf6 20.Qxc5 b6 21.Qd6 Qxc4 22.g5 Ne8
23.Qa3 Rc7 24.Bxb6 Rc6 25.Bf1 Qe6 26.Bd4 Ba6 27.Bh3 Nd6 28.Rac1 Nc4 29.Qb4 Rd8
30.Ba1 Rd3 31.Bf1 Qd6 32.Rxc4 Rxc4 33.Qb2 Qb6+ 34.Qxb6 axb6 35.Bxd3 exd3
36.Bf6 Rxf4 37.Re8+ Kf7 38.Re7+ Kg6 39.Rg7+ Kh5 40.Rxh7+ Kg4 41.Rd7 Kf3 42.h3 Ke2
43.g6 d2 44.Bg5 Bd3 45.Re7+ Re4 46.Rxe4+ fxe4 47.Bxd2 Kxd2 48.h4 e3  0-1

[Event "SWE-chT 9596"]
[Site "?"]
[Date "1996.??.??"]
[Round "?"]
[White "Faldt, Magnus"]
[Black "Andersson, Johan"]
[Result "0-1"]
[WhiteElo "2230"]
[BlackElo "2175"]

1.d4 f5 2.Nf3 Nf6 3.g3 g6 4.Bg2 Bg7 5.O-O O-O 6.c4 d6 7.Nc3 Qe8 8.b3 e5 9.dxe5 dxe5
10.Ba3 Rf7 11.e4 Nc6 12.Qe1 f4 13.Ng5 Rd7 14.Nd5 h6 15.Nf3 g5 16.h3 Rf7 17.Nxf6+ Bxf6
18.Nh2 Nd4 19.Rc1 Be7 20.Bxe7 Qxe7 21.f3 fxg3 22.Ng4 Bxg4 23.fxg4 Rxf1+ 24.Qxf1 Rf8
25.Qd3 Rf2 26.Kh1 Qf6 27.Rf1 c6 28.c5 Kg7 29.b4 Qf7 30.Kg1 Ne2+ 31.Kh1  0-1

[Event "Terrassa op"]
[Site "Terrassa"]
[Date "1996.??.??"]
[Round "2"]
[White "Gual Pascual, Antonio"]
[Black "Aguirre, Pedro J"]
[Result "1/2-1/2"]
[WhiteElo "2430"]
[BlackElo "2210"]

1.d4 f5 2.Nf3 g6 3.g3 Bg7 4.Bg2 Nf6 5.O-O O-O 6.c4 d6 7.Nc3 c6 8.d5 Qe8 9.Rb1 Na6
10.b4 Bd7 11.dxc6 bxc6 12.b5 Nc5 13.Nd4 Nfe4 14.Nxe4 Nxe4 15.Bxe4 fxe4 16.bxc6 Bxc6
17.Ne6 Qf7 18.Nxf8 Rxf8 19.Bb2 e3 20.fxe3 Qxf1+ 21.Qxf1 Rxf1+ 22.Kxf1  1/2-1/2

[Event "Paks GM"]
[Site "Ungarn"]
[Date "1996.??.??"]
[Round "?"]
[White "Andersen, Jackie"]
[Black "Horvath, Csaba"]
[Result "1/2-1/2"]
[WhiteElo "2235"]
[BlackElo "2540"]

1.d4 g6 2.Nf3 Bg7 3.c4 f5 4.g3 Nf6 5.Bg2 O-O 6.O-O d6 7.Re1 Nc6 8.d5 Na5
9.Qa4 c5 10.Bd2 b6 11.Bc3 Bd7 12.Qc2 b5 13.cxb5 a6 14.Ng5 axb5 15.Nd2 Rc8
16.b3 h6 17.Nh3 e5 18.dxe6 Bxe6 19.Nf4 Bf7 20.e4 b4 21.Bxf6 Qxf6 22.exf5 gxf5
23.Nd5 Bxd5 24.Bxd5+ Kh8 25.Rad1 Nc6 26.Bxc6 Rxc6 27.Nc4 Ra6 28.Rd5 f4 29.Red1 Qe6
30.Nxd6 fxg3 31.hxg3 Bd4 32.R5xd4 cxd4 33.Nc4 Qf6 34.Qd2 Rd8 35.Ne3 Qf3 36.Ng2 Re6
37.Nf4 Re4 38.Re1 Rg8 39.Ng2 Kh7 40.Qxb4 d3 41.Qb7+ Rg7 42.Qd5 Rg5 43.Qd7+ Rg7  1/2-1/2

[Event "Vendrell op"]
[Site "Vendrell"]
[Date "1996.??.??"]
[Round "8"]
[White "Antunes, Antonio"]
[Black "Cacho Reigadas, Sergio"]
[Result "1-0"]
[WhiteElo "2545"]
[BlackElo "2405"]

1.Nf3 f5 2.d4 Nf6 3.g3 g6 4.Bg2 Bg7 5.c4 O-O 6.O-O d6 7.Nc3 Nc6 8.d5 Ne5
9.Nxe5 dxe5 10.b3 e4 11.Ba3 Ng4 12.Qc2 Bd7 13.Rad1 Qe8 14.h3 Ne5 15.f3 g5
16.f4 gxf4 17.gxf4 Ng6 18.e3 Kh8 19.Bb2 Rg8 20.Kh2 Nh4 21.Rg1 Qh5 22.Ne2 Bf6
23.Bxf6+ exf6 24.Ng3 Qh6 25.Bh1 Rg4 26.Qf2 Rag8 27.Ne2 Be8 28.c5 Bh5 29.d6 Nf3+
30.Bxf3 exf3 31.Ng3 cxd6 32.cxd6 Be8 33.Nxf5 Rxg1 34.Rxg1 Qh5 35.Rxg8+ Kxg8
36.d7 Bxd7 37.Qg3+ Kf7 38.Qg7+ Ke6 39.Qe7+ Kxf5 40.Qxd7+ Kg6 41.Qe8+ Kh6
42.Qxh5+ Kxh5 43.Kg3  1-0

[Event "Carl Schlechter mem"]
[Site "Vienna"]
[Date "1996.??.??"]
[Round "1"]
[White "Zoebisch, Herbert"]
[Black "Schroll, Gerhard"]
[Result "1/2-1/2"]
[WhiteElo "2245"]
[BlackElo "2380"]

1.d4 f5 2.g3 Nf6 3.Bg2 g6 4.Nf3 Bg7 5.O-O O-O 6.c4 d6 7.Nc3 Nc6 8.d5 Na5
9.Qa4 c5 10.dxc6 Nxc6 11.Rd1 Bd7 12.c5 dxc5 13.Qc4+ Kh8 14.Qxc5 Rc8 15.Qa3 Qa5
16.Qb3 Qb4 17.Qxb4 Nxb4 18.Bg5 Rfd8 19.Ne5 Be6 20.Bxb7 Rxd1+ 21.Rxd1 Rb8
22.Bf3 Nxa2 23.Nxa2 Bxa2 24.Nc6 Rxb2 25.Rd8+ Ng8 26.Nxe7 Rb5 27.Nxg8 Bxg8
28.Be3 Bf6 29.Rd6 Be5 30.Rd8 a5 31.Bc6 Rb1+ 32.Kg2 Kg7 33.Rd7+ Kf6 34.h4 h6
35.Bxh6 Rb6 36.Bf3 Bb3 37.Bg5+ Ke6 38.Ra7 a4 39.e4 Bb2 40.exf5+ gxf5 41.Be7 Rd6
42.Bxd6 Kxd6 43.Ra5 a3 44.Rxf5 a2 45.Ra5 a1=Q 46.Rxa1 Bxa1  1/2-1/2

[Event "Carl Schlechter mem"]
[Site "Vienna"]
[Date "1996.??.??"]
[Round "2"]
[White "Schuh, Franz"]
[Black "Vodep, Otto"]
[Result "0-1"]
[WhiteElo "2285"]
[BlackElo "2205"]

1.d4 f5 2.g3 Nf6 3.Bg2 g6 4.Nf3 Bg7 5.O-O O-O 6.c4 d6 7.Nc3 Nc6 8.d5 Ne5
9.Nxe5 dxe5 10.e4 f4 11.h3 g5 12.g4 h5 13.f3 hxg4 14.fxg4 Qd6 15.b3 Kf7 16.Bf3 Rh8
17.Kg2 Bd7 18.a4 Rh4 19.Ba3 c5 20.dxc6 Qxd1 21.Raxd1 Bxc6 22.Bc5 Rhh8 23.b4 Rhc8
24.Rc1 a5 25.bxa5 Be8 26.Bb6 Rxc4 27.Be2 Rb4 28.Rb1 Rxb1 29.Rxb1 Rc8 30.Rb3 Bc6
31.Kf3 Rh8 32.Bf1 e6 33.Bf2 Ra8 34.a6 bxa6 35.Rb6 Be8 36.Rxa6 Rc8 37.Be1 Bf8
38.Rb6 Bc5 39.Rb7+ Kg6 40.a5 Bd4 41.Rb3 Bc6 42.Bd3 Rh8 43.Kg2 Ra8 44.a6 Nd7
45.Ra3 Nc5 46.Bb5 Bxb5 47.Nxb5 Rxa6 48.Rxa6 Nxa6 49.Nxd4 exd4 50.e5 Nc5 51.Bf2 d3
52.Kf3 d2 53.Ke2 Ne4  0-1

[Event "Siembra Villa Ballester op"]
[Site "Villa Ballester"]
[Date "1996.??.??"]
[Round "2"]
[White "De las Heras, Juan Carlos"]
[Black "Rodriguez, Andres"]
[Result "0-1"]
[WhiteElo "2275"]
[BlackElo "2575"]

1.d4 f5 2.Nf3 Nf6 3.g3 g6 4.Bg2 Bg7 5.O-O O-O 6.c4 d6 7.Nc3 c6 8.Qc2 Na6
9.Bg5 Qe8 10.a3 e5 11.Bxf6 Rxf6 12.e3 Nc7 13.b4 Be6 14.Ne2 e4 15.Nd2 g5 16.f4 exf3
17.Rxf3 Bf7 18.Nf1 Qe6 19.Rc1 Bg6 20.Qd2 d5 21.c5 Re8 22.Rf2 Bh5 23.Nc3 Qf7
24.b5 Ne6 25.bxc6 bxc6 26.Bxd5 cxd5 27.Nxd5 Rh6 28.Nb4 g4 29.Qd3 Bg6 30.d5 Ng5
31.Rf4 Nf3+ 32.Kh1 Be5 33.d6 Bxf4 34.exf4 Re1 35.Rxe1 Nxe1 36.Qd1 Qe6 37.Qd5 Be8
38.Ne3 Nf3 39.h4 Qxd5 40.Nbxd5 Nd4 41.Ne7+ Kf7 42.N7xf5 Nxf5 43.Nxf5 Rh5
44.Ne3 Rxc5 45.Nxg4 Ke6  0-1

[Event "JUG-chT"]
[Site "Vrnjacka Banja"]
[Date "1996.??.??"]
[Round "?"]
[White "Stamenkovic, Zoran"]
[Black "Rakic, Tomislav"]
[Result "1/2-1/2"]
[WhiteElo "2385"]
[BlackElo "2365"]

1.d4 f5 2.g3 Nf6 3.Bg2 g6 4.Nf3 Bg7 5.O-O O-O 6.c4 d6 7.Nc3 c6 8.d5 e5 9.dxe6 Bxe6
10.Qd3 Ng4 11.Ng5 Bc8 12.Rd1 Ne5 13.Qc2 h6 14.Nh3 Be6 15.b3 Qe7 16.Ba3 Rd8
17.Rd2 Na6 18.Rad1 Nc5 19.Nf4 Bf7 20.Nd3 Ned7 21.Nxc5 dxc5 22.Na4 Bf8 23.Bb2 Be6
24.Rd3 Qh7 25.Qd2 Be7 26.e4 g5 27.Qe3 Qf7 28.exf5 Bxf5 29.Be4 Bxe4 30.Qxe4 Nf6
31.Qe5 b6 32.h3 Rxd3 33.Rxd3 Re8 34.Rf3 Bd8 35.Qc3 Re6 36.Kg2 Qg6 37.Qd2 Be7
38.Nc3 h5 39.Re3 Rxe3 40.Qxe3 Kf7 41.Bc1 g4 42.h4 Qc2 43.Qd2 Qf5 44.Qe2 Nd7
45.f3 gxf3+ 46.Qxf3 Qxf3+ 47.Kxf3 Ke6 48.Ne2 Kf5 49.Bb2 Bd6 50.Bc1 b5 51.Bf4 Be5
52.Ke3 bxc4  1/2-1/2

[Event "JUG-chT"]
[Site "Vrnjacka Banja"]
[Date "1996.??.??"]
[Round "?"]
[White "Bauk, Slavko"]
[Black "Parezanin, Darko"]
[Result "1/2-1/2"]
[WhiteElo "2310"]
[BlackElo "2275"]

1.d4 f5 2.g3 Nf6 3.Bg2 g6 4.Nf3 Bg7 5.O-O O-O 6.c4 d6 7.b4 Nc6 8.b5 Na5 9.Qa4 c5
10.Bd2 b6 11.Bxa5 bxa5 12.Ne5 Ne4 13.Nc6 Qd7 14.e3 a6 15.f3 Ng5 16.Nc3 cxd4
17.exd4 f4 18.Nd5 axb5 19.cxb5 Bb7 20.Nb6 Qe6 21.Rae1 Nh3+ 22.Bxh3 Qxh3 23.Nxa8 fxg3
24.Re2 Bxa8 25.hxg3 Qxg3+ 26.Rg2 Qf4 27.Rg4 Qe3+ 28.Kg2 Rf5 29.Qc4+ d5 30.Qc1 Qe2+
31.Rf2 Qe6 32.Qc2 Qd7 33.Qc5 Bf6 34.Nxa5 h5 35.Rxg6+ Kf7 36.Rxf6+ Rxf6 37.Re2 h4
38.Nb3 h3+ 39.Kh2 Rxf3 40.b6 Rf6 41.Qc7 Qxc7+ 42.bxc7 Rc6 43.Kxh3 Rxc7  1/2-1/2

[Event "Yalta op"]
[Site "Yalta"]
[Date "1996.??.??"]
[Round "1"]
[White "Vasilevich, Tatjana"]
[Black "Malaniuk, Vladimir P"]
[Result "1/2-1/2"]
[WhiteElo "2270"]
[BlackElo "2585"]

1.d4 f5 2.c4 Nf6 3.g3 g6 4.Bg2 Bg7 5.Nf3 O-O 6.O-O d6 7.Nc3 Na6 8.Rb1 c6
9.b4 Ne4 10.Nxe4 fxe4 11.Ne1 d5 12.cxd5 cxd5 13.f3 exf3 14.Nxf3 Bf5  1/2-1/2

[Event "Yalta op"]
[Site "Yalta"]
[Date "1996.??.??"]
[Round "9"]
[White "Shipov, Sergei"]
[Black "Kobalija, Mihail"]
[Result "1/2-1/2"]
[WhiteElo "2540"]
[BlackElo "2425"]

1.d4 f5 2.g3 Nf6 3.Bg2 g6 4.c4 Bg7 5.Nf3 O-O 6.O-O d6 7.Nc3 Qe8 8.d5 Na6
9.Rb1 Bd7 10.b4 c6 11.dxc6 Bxc6 12.b5 Bxf3 13.Bxf3 Nc5 14.Be3 Rc8 15.Bxc5 Rxc5
16.Bxb7 Rxc4 17.Qb3 Qf7 18.Rfd1 Rc5 19.Bd5 Nxd5 20.Nxd5 Re8 21.Rbc1 Bd4 22.Rxc5 Bxc5
23.e3 g5 24.Kg2 h6 25.a4 Kh7 26.Qb1 Kg8 27.h3 e6 28.Nb4 f4 29.exf4 gxf4 30.gxf4 Kh8
31.Nd3 Rg8+ 32.Kh2 Qf5 33.Rg1 Rxg1 34.Kxg1 Bd4 35.a5 Qxh3 36.b6 axb6 37.axb6 Qg4+
38.Kf1 Qf3 39.Qb5 Bxb6 40.Qe8+ Kh7  1/2-1/2

[Event "Yerevan ol (Women)"]
[Site "Yerevan"]
[Date "1996.??.??"]
[Round "2"]
[White "Ovezova, M."]
[Black "Titova Boric, Elena"]
[Result "0-1"]
[WhiteElo "2145"]
[BlackElo "2200"]

1.d4 f5 2.c4 Nf6 3.Nf3 g6 4.g3 Bg7 5.Bg2 O-O 6.O-O d6 7.Qc2 Nh5 8.Rd1 Qe8
9.Nc3 e5 10.dxe5 dxe5 11.Nd5 Na6 12.Bg5 Be6 13.e4 c6 14.exf5 gxf5 15.Ne3 h6
16.Bh4 f4 17.Nf1 Bf5 18.Qd2 Bg4 19.h3 Bxf3 20.Bxf3 fxg3 21.Bxh5 gxf2+ 22.Bxf2 Qxh5
23.Kh2 Qf7 24.Be3 Qxc4 25.Bxh6 Bxh6 26.Qxh6 Qe2+ 27.Kg1 Qf2+ 28.Kh1 Qf3+
29.Kg1 Rf7 30.Nh2 Qf4 31.Qxf4 exf4 32.Nf3 Re8 33.Kf2 Nb4 34.a3 Nd5 35.Rg1+ Kf8
36.Rae1 Re3 37.h4 Rfe7 38.Nd4 Rxe1 39.Rxe1 Ne3 40.Kf3 c5 41.Ne2 Nc4 42.Rc1 Ne5+
43.Ke4 Ng6+ 44.Kf5 Nxh4+ 45.Kg5 Rxe2 46.Kxh4 Rxb2 47.Rxc5 Ke7 48.Kg4 Kd6
49.Ra5 a6 50.Kxf4 Re2 51.Kf3 Re7 52.Rf5 Kc6 53.Ra5 Kb6 54.Rd5 Re6 55.Kf4 Kc6
56.Ra5 Re7 57.Kf3 Kb6 58.Rd5 Rh7 59.Rd3 Ka5 60.Ke2 Ka4 61.Kd2 Rh2+ 62.Kc1 Ra2
63.Rd7 b5 64.Rd6 a5 65.Kb1 Rxa3 66.Rd4+ b4 67.Kb2 Rb3+ 68.Ka2 Rc3 69.Kb2 Kb5
70.Rd5+ Rc5 71.Rd8 a4 72.Rg8 Kc4 73.Re8 Kd4 74.Rd8+ Rd5 75.Rb8 Kc5 76.Rc8+ Kd6
77.Rc4 Rb5 78.Rc1 Rc5 79.Rd1+ Kc6 80.Rd4 Kb5  0-1

[Event "Yerevan ol (Men)"]
[Site "Yerevan"]
[Date "1996.??.??"]
[Round "4"]
[White "Yung, Lau"]
[Black "Wastney, Scott"]
[Result "1/2-1/2"]
[WhiteElo "2030"]
[BlackElo "2100"]

1.Nf3 f5 2.g3 Nf6 3.Bg2 g6 4.O-O Bg7 5.d4 O-O 6.c4 d6 7.Nc3 Qe8 8.Bg5 c6
9.Qd2 Qf7 10.b3 Na6 11.Rad1 Nc7 12.Bh6 Bd7 13.Bxg7 Qxg7 14.Rfe1 Ne4 15.Nxe4 fxe4
16.Ng5 d5 17.cxd5 cxd5 18.Bh3 Bxh3 19.Nxh3 h6 20.Qb4 b6 21.Nf4 g5 22.Rc1 gxf4
23.Rxc7 fxg3 24.hxg3 e3 25.Rf1 Rxf2 26.Rxf2 exf2+ 27.Kxf2 Rf8+ 28.Kg2 Qf6
29.Qe1 a5 30.Rc3 Qxd4 31.Rf3 Qe4 32.Qf2 e5 33.Kh2 Rxf3 34.exf3 Qb4 35.Qc2 Qd6
36.Qc8+ Kf7 37.Qf5+ Ke7 38.Qh7+ Kd8 39.Qg8+ Kc7 40.Qf7+ Kd8 41.Qg8+ Kc7 42.Qf7+ Kc6
43.Kg2 Kc5 44.f4 e4 45.f5 Qe5  1/2-1/2

[Event "Yerevan ol (Men)"]
[Site "Yerevan"]
[Date "1996.??.??"]
[Round "6"]
[White "Garcia Ilundain, David"]
[Black "Zhang Zhong"]
[Result "1/2-1/2"]
[WhiteElo "2520"]
[BlackElo "2425"]

1.d4 f5 2.g3 Nf6 3.Bg2 g6 4.Nf3 Bg7 5.O-O O-O 6.c4 d6 7.Nc3 Qe8 8.d5 Na6
9.Rb1 c5 10.dxc6 bxc6 11.b4 Bd7 12.a3 Nc7 13.Bb2 Ne6 14.c5 Ne4 15.Qc2 d5
16.Na2 f4 17.Bxg7 Nxg7 18.Nc1 Qc8 19.Nd3 Bh3 20.Qb2 Nh5 21.Nde5 Bxg2 22.Kxg2 fxg3
23.hxg3 Qe6 24.Rh1 Ng7 25.Rh2 h5 26.Nd3 a5 27.Qe5 axb4 28.axb4 Ra2 29.Re1 Rf5
30.Qb8+ Rf8 31.Qe5 Rf5 32.Qb8+ Rf8 33.Qe5  1/2-1/2

[Event "Yerevan ol (Men)"]
[Site "Yerevan"]
[Date "1996.??.??"]
[Round "10"]
[White "Hellsten, Johan"]
[Black "Zhang Zhong"]
[Result "1/2-1/2"]
[WhiteElo "2490"]
[BlackElo "2425"]

1.d4 f5 2.c4 Nf6 3.Nf3 g6 4.g3 Bg7 5.Bg2 O-O 6.O-O d6 7.Nc3 Qe8 8.d5 Na6
9.Rb1 c5 10.dxc6 bxc6 11.b4 Bd7 12.a3 Nc7 13.Bb2 Rb8 14.Ba1 Ne6 15.e3 a5
16.Na4 axb4 17.axb4 Nc7 18.Nd2 e5 19.Nb3 Qe7 20.Na5 e4 21.Qd2 Rfd8 22.f3 d5
23.Nc5 Be8 24.Nab7 Rdc8 25.fxe4 dxe4 26.Bd4 Ne6 27.Nxe6 Qxe6 28.Nc5 Qe7 29.Qc3 Ng4
30.h3 Ne5 31.g4 fxg4 32.hxg4 Rd8 33.Rf4 g5 34.Rxe4 Bg6 35.Rxe5 Bxe5 36.Bxe5 Bxb1
37.Bxb8 Rxb8 38.Bxc6 h6 39.Nd7 Qxb4 40.Bd5+ Kh7 41.Qe5 Rd8 42.Nf6+ Kg6 43.Nh5 Qe1+
44.Kg2 Qe2+ 45.Kh3 Qf1+ 46.Bg2 Qf8 47.Qa1 Bd3 48.Qc3 Qe7 49.Kh2 Qd6+ 50.Kh1 Qe7
51.Kh2 Qd6+ 52.Kh1  1/2-1/2

[Event "Yerevan ol (Women)"]
[Site "Yerevan"]
[Date "1996.??.??"]
[Round "10"]
[White "Botsari Miladinovic, Anna Maria"]
[Black "Hoang Than Trang"]
[Result "1-0"]
[WhiteElo "2335"]
[BlackElo "2360"]

1.d4 f5 2.g3 Nf6 3.Bg2 g6 4.Nf3 Bg7 5.O-O O-O 6.c4 d6 7.Nc3 Qe8 8.d5 a5 9.Ne1 Na6
10.Nd3 e5 11.dxe6 c6 12.Na4 Bxe6 13.Nb6 Rb8 14.Bd2 Nd7 15.Nxd7 Qxd7 16.Rc1 b6
17.Qa4 Rbc8 18.Rfd1 Qc7 19.Bf4 Rfd8 20.c5 bxc5 21.Nxc5 Nxc5 22.Rxc5 Qb6 23.Rxa5 Qxb2
24.Bg5 Rf8 25.Rxd6 Qxe2 26.Bf1 Qh5 27.Be7 Bd5 28.Bxf8 Bxf8 29.Rdxd5 cxd5
30.Qd7 Rc1 31.Qxd5+ Kg7 32.Ra7+ Kh6 33.Qd2+  1-0

[Event "Yerevan ol (Women)"]
[Site "Yerevan"]
[Date "1996.??.??"]
[Round "12"]
[White "Macek, Vlasta"]
[Black "Lagvilava, Genrieta"]
[Result "1/2-1/2"]
[WhiteElo "2205"]
[BlackElo "2280"]

1.d4 f5 2.Nf3 Nf6 3.g3 g6 4.Bg2 Bg7 5.O-O O-O 6.c4 d6 7.Nc3 c6 8.b3 Qa5 9.Bb2 e5
10.Qd2 Nbd7 11.Rfe1 Ng4 12.dxe5 dxe5 13.Rad1 Qc5 14.e3 e4 15.Na4 Qe7 16.Bxg7 Qxg7
17.Nd4 Nde5 18.h3 Nh6 19.Nb2 Nhf7 20.c5 Ng5 21.Qc2 Bd7 22.Rd2 Rad8 23.Red1 Bc8
24.b4 Qe7 25.h4 Ngf7 26.Qb3 Kg7 27.Nc4 Nxc4 28.Qxc4 Rd5 29.Ne2 Rxd2 30.Rxd2 Be6
31.Qc3+ Qf6 32.Qxf6+ Kxf6 33.Nd4 Rd8 34.Bf1 Ne5 35.Be2 b5 36.cxb6 axb6 37.Rc2 Bd5
38.a3 Ra8 39.Rc3 Ke7 40.Kf1 Kd6 41.Ke1 b5 42.Kd2 Bc4 43.f4 exf3 44.Nxf3 Bd5
45.Nxe5 Kxe5 46.Ke1 h6 47.Kf2 g5 48.Bf3 g4 49.Be2 Be4 50.Bd3 Rd8 51.Bxe4 Kxe4
52.Ke2 Rd6 53.Rb3 Ke5 54.Rc3 h5 55.Rc5+ Ke4 56.Rc3  1/2-1/2